000 00661nam a2200253Ia 4500
003 OSt
005 20221005071400.0
006 a|||||r|||| 00| 0
007 ta
008 221004b |||||||| |||| 00| 0 eng d
024 _a57623
037 _cTextual
040 _aCRL
_cCRL
_beng
041 _2eng
_aeng
082 _aY68.2, N3
100 _aPunani Bhushan
_9606396
245 0 _aHandbook of visual handicap
260 _aNew Delhi
_bAshish
_c1993
300 _a322p.
_ccm.
650 _aSOCIOLOGY
700 _a Rawal Nandini
_9606397
942 _hY68.2, N3
_cTEXL
_2cc
999 _c977738
_d977738